| 000 | 00917nam a2200277 a 4500 | ||
|---|---|---|---|
| 001 | 3971 | ||
| 003 | BD-RjUL | ||
| 005 | 20211208233818.0 | ||
| 008 | 131221s1988 enk 001 0 eng d | ||
| 020 | _a0710211430 | ||
| 035 | _a(BD-RjUL)4005 | ||
| 040 |
_aBD-RjUL _beng _cBD-RjUL |
||
| 041 | _aeng | ||
| 082 |
_a334.1 _219 _bBIB 1988 |
||
| 100 | 1 |
_aBirchall, Johnston. _912645 |
|
| 245 | 1 | 0 |
_aBuilding communities the co-operative way / _cJohnston Birchall ; foreword by Michael Young |
| 260 |
_aLondon : _bRoutledge & Kegan Paul, _c1988 |
||
| 300 |
_axii, 223 p. ; _c23 cm |
||
| 490 | 1 | _aReports of the Institute of Community Studies | |
| 504 | _aBibliography: p211-215 includes index | ||
| 650 | 0 |
_aHousing, Cooperative _zGreat Britain _912646 |
|
| 710 | 2 |
_aInstitute of Community Studies. _912647 |
|
| 830 | 0 |
_aReports of the Institute of Community Studies _912649 |
|
| 942 |
_2ddc _cBK |
||
| 999 |
_c3971 _d3971 |
||